LEADER 01617nam a2200301 4500 001 000000356950 003 CaOOAMICUS 005 20240129135913.0 008 240126s2018 it a 000 u ita r 020 $a978-88-240-2775-5 040 $aSeMil$bita 245 00$aRazza e inGiustizia : $bgli avvocati e i magistrati al tempo delle leggi antiebraiche /$ca cura di Antonella Meniconi e Marcello Pezzetti. 264 1$aRoma :$bSenato della Repubblica ;$aRoma :$bUcei,$c2018. 300 $a228 p. :$bill. ;$c28 cm 500 $aIn testa al front.: CSM, Consiglio superiore della magistratura; CNF, Consiglio nazionale forense 650 4$aLeggi razziali - Atteggiamento [dei] Giuristi italiani - 1938-1945.$0(OLS)http://semarc/subject/55021 700 1 $aMeniconi, Antonella.$0(OLS)http://semarc/name/119030 700 1 $aPezzetti, Marcello,$d<1953- >.$0(OLS)http://semarc/name/74359 710 2 $aItalia : Consiglio superiore della magistratura.$0(OLS)http://semarc/name/119042 710 2 $aConsiglio nazionale forense.$0(OLS)http://semarc/name/119043 850 $aSeMil 852 $aSeMil$W1$xVenegono$y1$m3V VI 63$j247145$B248141$CSeMilBibl$Z2$F248141 $81 961 $aPerego don Stefano - Omaggio 996 $6020$a978-88-240-2775-5$9(OLS)http://semarc/number/299708 996 $6245$aRazza e inGiustizia : $bgli avvocati e i magistrati al tempo delle leggi antiebraiche$9(OLS)http://semarc/title/447176 996 $6264$aRoma :$bSenato della Repubblica$9(OLS)http://semarc/publisher/33626 996 $6264$aRoma :$bUcei$9(OLS)http://semarc/publisher/41313 LEADER 00748nam a2200205 i 4500 001 000000253264 003 CaOOAMICUS 005 20170309000000.0 008 170309s1780 xx u000 u fre u 013 $a232169 026 $am-es nse; e-ur doep (3) 1780 (R) 040 $aSeMil$bita 245 10$aTome 2. 300 $a[4], 323, [1] p. 500 $aSegn.: pg2 A-N12 O6. 773 0 $tHistoire générale de Hongrie, depuis la premiere invasion des Huns, jusqu'à nos jours. Par M. De Sacy ... Tome 1. [-3.].$dYverdon : [s.n.], 1780.$g2$w()33569 850 $aSeMil 852 $aSeMil$W1$xVenegono$y1$m3S I 57 FA$j203610$B203610$CSeMilBibl$Z2$F216594 $8I 961 $aRecupero: Mantegazza 996 $6245$aTome 2$9(OLS)http://semarc/title/1533